=LDR 00000nam 2200000 4500 =001 INLIS000000000001592 =005 20200428093905 =035 ##$$a 0010-061300000001592 =008 200428################g##########0#ind## =041 ##$$a Ind =082 ##$$a 2x6.1 =090 ##$$a 2x6.1, Bam-k =100 ##$$a Bammate, Haidar =245 1#$$a Kontribusi intelektual muslim terhadap peradaban dunia /$c Haidar Bammate ; Penerjemah, Fikri =260 ##$$a Jakarta :$b Darul Falah,$c 2000 =300 ##$$a 113 hlm. ; $c 12,5x17,5 cm. =650 #4$$a Islam =650 #4$$a Perubahan =700 #$$a Fikri =850 ##$$a NBPNMAT =084 ##$$a 2x6.1 BAM k =990 ##$$a 152.734/Pro.2000